Kdo zachrání sovětskou ekonomiku?
Reformné plány stabilizácie ekonomickej situácie v bývalom ZSSR. Plány Georgija Javliňského a Lva Golasa. Plán Javliňského je vypracovaný v spolupráci s americkými ekonómmi z Harvardu. Je rozložený do 6 ročného obdobia. Predpokladá liberalizáciu, finančnú reformu, privatizáciu, rozvoj trhového mecha...
Na minha lista:
| Autor principal: | |
|---|---|
| Formato: | Capítulo de Livro |
| Idioma: | tcheco |
| Assuntos: | |
| Tags: |
Sem tags, seja o primeiro a adicionar uma tag!
|
MARC
| LEADER | 00000naa a2200000 4500 | ||
|---|---|---|---|
| 001 | r006013 | ||
| 005 | 20221125080046.3 | ||
| 041 | 0 | |a cze | |
| 044 | |a [CS] | ||
| 245 | 1 | 0 | |a Kdo zachrání sovětskou ekonomiku? |c J. Neuman |
| 520 | |a Reformné plány stabilizácie ekonomickej situácie v bývalom ZSSR. Plány Georgija Javliňského a Lva Golasa. Plán Javliňského je vypracovaný v spolupráci s americkými ekonómmi z Harvardu. Je rozložený do 6 ročného obdobia. Predpokladá liberalizáciu, finančnú reformu, privatizáciu, rozvoj trhového mechanizmu. Plán L. Golasa je jednoznačne sovietskej produkcie. Predpokladá dvojúrovňovú ekonomiku, ktorá bude tvoriť prechod k trhovému hospodárstvu. | ||
| 610 | 2 | 0 | |a rozvoj hospodársky |
| 610 | 2 | 0 | |a ZSSR |
| 610 | 2 | 0 | |a reformy hospodárske |
| 610 | 2 | 0 | |a privatizácia |
| 610 | 2 | 0 | |a mechanizmus trhový |
| 100 | 1 | |a Neuman, J. | |